000 01639nam0a2200337 4500
001 RU\NLR\bibl\835019
005 20260405081931.0
010 _a5-901916-16-6
_91500
021 _aRU
_b2005-41426
_92055
035 _a(NLR Aleph) 000823864
090 _a1318211
_c1318211
100 _a20050831d2005 |||y0rusy50 ca
101 0 _arus
102 _aRU
105 _aa |||||||||
200 1 _aРечники на защите отечества
_e60-летию Великой Победы посвящается
_f[Н.Г. Смирнов (рук.), Г.П. Абаева, Н.А. Виноградов и др.]
210 _a[Москва]
_cПо Волге
_d2005
215 _a208 с.
_cил., цв. ил., портр.
_d31
320 _aБиблиогр.: с. 206 (23 назв.)
606 1 _aРечной флот
_xИспользование в военных целях
_yСССР
_z1941 - 1945
_jВоспоминания, записки и т.п.
_2nlr_sh2
606 1 _aВоинские речные перевозки
_jВоспоминания, записки и т.п.
_yСССР
_z1941 - 1945
_92551291
_3RU\NLR\AUTH\6601722801
686 1 _aЦ35(2)722-606,013
701 1 _4070
_8rus
_7ca
_aСмирнов
_bН.Г.
_cканд. техн. наук.
_f1938-
_gНиколай Григорьевич
_3RU\NLR\auth\7717574
_9661
701 1 _aАбаева
_bГ. П.
_4070
701 1 _4070
_8rus
_7ca
_aВиноградова
_bН.А.
_cлитератор
_3RU\NLR\AUTH\7728728
_911759
801 0 _aRU
_bNLR
_c20050831
_grcr
801 1 _aRU
_bNLR
_c20050831
942 _cBOOK
980 _aNB